000 00677nam a22002297a 4500
001 sjds170069
003 sjds
005 20170611121626.0
008 170611b nyu||||| |||| 00| 0 spa d
020 _a9780590469036 (pbk.)
020 _a0590469037 (pbk.)
040 _csjds
041 _aspa
_heng
082 _a523.7
100 _aGibbons, Gail
240 _aSun up, sun down.
245 _aDe sol a sol /
_cGail Gibbons.
260 _aNew York :
_bScholastic,
_cc1993.
300 _a28 unnumbered pages :
_bcolor illustrations ;
_c26 cm
520 _aDescribes the characteristics of the sun and the ways in which it regulates life on earth.
942 _2ddc
_cBK
999 _c17463
_d17463